Statistics for Tottenham Hotspur Squad 2018/19

Click here to take the quiz!

General Stats

  • This quiz has been taken 180 times
  • The average score is 19 of 26

Answer Stats

#PositionPlayerNationalityDate of Birth (Age)% Correct
1GoalkeeperHugo LlorisFrenchDec 26, 1986 (31)
100%
7Left WingerHeung-min SonSouth KoreanJul 8, 1992 (26)
93%
10Centre-ForwardHarry KaneEnglishJul 28, 1993 (25)
92%
5Centre-BackJan VertonghenBelgian Apr 24, 1987 (31)
87%
20Attacking MidfieldDele AlliEnglish Apr 11, 1996 (22)
85%
33Left-BackBen DaviesWelsh Apr 24, 1993 (25)
83%
23Attacking MidfieldChristian EriksenDanish Feb 14, 1992 (26)
83%
6Centre-BackDavinson SánchezColombianJun 12, 1996 (22)
79%
15Defensive MidfieldEric DierEnglish Jan 15, 1994 (24)
79%
27Right WingerLucas MouraBrazilian Aug 13, 1992 (26)
79%
4Centre-BackToby AlderweireldBelgianMar 2, 1989 (29)
79%
3Left-BackDanny RoseEnglishJul 2, 1990 (28)
77%
11Right WingerErik LamelaArgentineanMar 4, 1992 (26)
75%
19Central MidfieldMousa DembéléBelgian Jul 16, 1987 (31)
75%
24Right-BackSerge AurierIvorian Dec 24, 1992 (25)
75%
12Defensive MidfieldVictor WanyamaKenyanJun 25, 1991 (27)
74%
17Central MidfieldMoussa SissokoFrench Aug 16, 1989 (29)
70%
8Central MidfieldHarry WinksEnglishFeb 2, 1996 (22)
69%
2Right-BackKieran TrippierEnglish Sep 19, 1990 (28)
69%
13GoalkeeperMichel VormDutchOct 20, 1983 (35)
66%
18Centre-ForwardFernando LlorenteSpanishFeb 26, 1985 (33)
65%
16Right-BackKyle Walker-PetersEnglish Apr 13, 1997 (21)
64%
22GoalkeeperPaulo GazzanigaArgentineanJan 2, 1992 (26)
51%
21Centre-BackJuan FoythArgentineanJan 12, 1998 (20)
49%
9Centre-ForwardVincent JanssenDutchJun 15, 1994 (24)
46%
14Left WingerGeorges-Kevin N'KoudouFrenchFeb 13, 1995 (23)
36%

Score Distribution

Percentile by Number Answered

Percent of People with Each Score

Your Score History

You have not taken this quiz